Selections from records of the historian

Uloženo v:
Podrobná bibliografie
Hlavní autor: Chien, Szuma (Autor)
Médium: Kniha
Jazyk:angličtina
Vydáno: Beijing Lenguas Extranjeras 1979
Témata:
Tagy: Přidat tag
Žádné tagy, Buďte první, kdo vytvoří štítek k tomuto záznamu!

MARC

LEADER 00000nam a2200000 a 4500
001 UCZ8049
003 CL-VaPUC
008 960112e19790000CH |||||||||||||||||eng|d
082 0 4 |a 951  |b CHI  |2 21 
100 0 |a Chien, Szuma  |e author  |9 353154 
245 1 0 |a Selections from records of the historian 
300 |a 461 p 
942 |c BK 
945 |d 19960112 00:00:00  |a cmena 
260 |a Beijing  |b Lenguas Extranjeras  |c 1979 
650 0 |a Historia  |9 255047 
651 0 |a China   |9 257545 
583 |a last modification  |c 19960112 00:00:00  |k Rodrigo Vera 
999 |c 244009  |d 244007 
952 |0 0  |1 0  |4 0  |6 951_000000000000000_CHI_1979  |7 0  |8 P  |9 257913  |a BIBEDU  |b BIBEDU  |d 2019-11-19  |i 1614053  |o 951 CHI 1979  |p 1614053  |r 2019-11-19  |w 2019-11-19  |y BK  |k EDU 
952 |0 0  |1 0  |4 0  |6 951_000000000000000_CHI_1979  |7 0  |8 P  |9 257914  |a BIBEDU  |b BIBEDU  |d 2019-11-19  |i 1614002  |o 951 CHI 1979  |p 1614002  |r 2019-11-19  |w 2019-11-19  |y BK  |k EDU